000 01138cam a2200313 a 4500
001 21186
003 BD-RjUL
005 20211209000646.0
008 140303s2006 ii 001 0 eng d
020 _a8178297159
020 _a9788178297156
035 _a(BD-RjUL)21250
040 _aANL
_beng
_cANL
_dBD-RjUL
041 _aeng
082 0 0 _a954.92
_bUDC 2006
100 1 _aUddin, Sufia M.
_965468
245 1 0 _aConstructing Bangladesh :
_breligion, ethnicity, and language in an Islamic nation /
_cSufia M. Uddin.
260 _aNew Delhi :
_bVistaar,
_cc2006.
300 _axxi, 224 p. :
_bill, maps ;
_c25 cm.
500 _aReprint. Originally published : Chapel Hill : University of North Carolina Press, 2006. (Islamic civilization & Muslim networks)
504 _aIncludes index.
650 0 _aIslam and state
_zBangladesh
_xHistory.
_965469
650 0 _aGroup identity
_zBangladesh
_xHistory.
_965470
650 0 _aBengali language
_xSocial aspects.
_965471
650 0 _aNationalism
_zBangladesh
_xHistory.
_965472
651 0 _aBangladesh
_xHistory.
_965473
651 0 _aBangladesh
_xCivilization.
_95406
942 _2ddc
_cBK
999 _c21186
_d21186